| 000 | 00872nam a2200217 4500 | ||
|---|---|---|---|
| 001 | 123029 | ||
| 003 | ES-MaACL | ||
| 005 | 20230906192110.0 | ||
| 007 | t| | ||
| 008 | 070214s1948 sp r ||||0| spa d | ||
| 110 | 1 |
_aEspaña. _bMinisterio de Asuntos Exteriores. _bRegistro de Tratados. _9168910 |
|
| 245 | 1 | 0 |
_aProtocolo comercial y de pagos entre España e Italia _b: Madrid, 20 de junio de 1947. |
| 260 |
_aMadrid : _b[s. n.], _c1948 ( _fImp. del Ministerio de Asuntos Exteriores) |
||
| 300 |
_a16 p. ; _c23 cm. |
||
| 500 | _aPrecede al tít.: Ministerio de Asuntos Exteriores. Registro de Tratados. | ||
| 651 | 4 |
_aEspaña- _xComercio exterior- _zItalia. _9171554 |
|
| 651 | 4 |
_aItalia- _xComercio exterior- _zEspaña. _9171555 |
|
| 651 | 4 |
_aEspaña- _xRelaciones- _zItalia. _9153911 |
|
| 651 | 4 |
_aItalia- _xRelaciones- _zEspaña. _9160778 |
|
| 852 |
_aES-MaACL _j1559-F-14 |
||
| 999 |
_c123029 _d123029 |
||